00370pab a2200121 454500008004000000100001800040245009700058260000900155300001700164362001100181650002200192773003400214180718b2004 xxu||||| |||| 00| 0 eng d aShimray, U.A. aWomen's work in Naga society: household work, workforce participation and division of labour c2004 ap.1698-1711. a24 Apr aWomens employment aEconomic and Political Weekly